000 00611nam a2200217 u 4500
005 20240924070348.0
008 110929s2006 es r 000 0 spa d
020 _a8426352871
035 _aUPN01000181977
049 _aI
050 4 _aPZ74.9
_bM3.34
100 1 _aMaestro, Pepe
245 1 3 _aEl circo de Baltasar /
_cPepe Maestro ; il. de Carmen Queralt.
260 _aZaragoza, Esp. :
_bEdelvives,
_c2006.
300 _a105 p. :
_bil.
440 0 _aAla Delta.
_pAzul ;
_v40
650 4 _aCIRCO
_99531
650 0 _aFantasía
_911180
650 4 _aLibros y lectura para niños
_92290
905 _aInfantil
999 _c154080
_d154080